Statistics for NATO Countries

Click here to take the quiz!

General Stats

  • This quiz has been taken 61 times
  • The average score is 33 of 37

Answer Stats

StatusCountry% Correct
Full memberCanada
100%
Full memberGermany
100%
Full memberPoland
100%
Full memberUnited States
100%
Full memberFinland
98%
Full memberSpain
98%
Full memberUnited Kingdom
98%
Full memberFrance
96%
Full memberPortugal
96%
Full memberBelgium
94%
Full memberGreece
94%
Full memberItaly
94%
Full memberNetherlands
94%
Full memberRomania
94%
Full memberSweden
94%
Full memberCzech Republic
92%
Full memberDenmark
92%
Full memberHungary
92%
Full memberNorway
92%
Full memberTurkey
92%
Full memberBulgaria
90%
Full memberCroatia
90%
Full memberEstonia
90%
Full memberIceland
90%
Full memberLatvia
90%
Full memberLithuania
90%
Full memberSlovakia
90%
Full memberLuxembourg
88%
Full memberSlovenia
88%
Full memberAlbania
87%
Full memberNorth Macedonia
85%
Enhanced partnerUkraine
85%
Full memberMontenegro
81%
MembershipBosnia and Herzegovina
79%
Enhanced partnerGeorgia
58%
Enhanced partnerAustralia
50%
Enhanced partnerJordan
17%

Score Distribution

Percentile by Number Answered

Percent of People with Each Score

Your Score History

You have not taken this quiz